Finanzas públicas /

Guardado en:
Autor Principal: Ríos, Raúl A.
Formato: Libro
Publicado: Buenos Aires : Kapelusz, 1986
Edición:5a. ed.
Materias:
Etiquetas: Agregar Etiqueta
Sin Etiquetas, Sea el primero en etiquetar este registro!
LEADER 00682nam a22002295a 4500
001 CEM.cems005672
008 130507s1986##################000#0#####d
005 20241220114742.0
245 1 0 |a Finanzas públicas /  |c Raúl A. Ríos 
250 |a 5a. ed. 
260 |a Buenos Aires :  |b Kapelusz,  |c 1986 
300 |a 220 p. 
100 1 |a Ríos, Raúl A. 
082 0 4 |a 336 
653 |a Economía 
653 |a Finanzas públicas 
653 |a Gasto público 
653 |a Impuesto-teoría 
653 |a Regimen tributario 
653 |a Tributario argentino 
859 |a CEMS  |b BIB. CEMS - 11 de abril  |h 336  |i R479a5  |p 14219.86  |t Ej.1 
859 |a CEMS  |b BIB. CEMS - 11 de abril  |h 336  |i R479a5  |p 16071.91  |t Ej.2